Militariation and arms control in Latin America /
Salvato in:
| Autore principale: | |
|---|---|
| Altri autori: | |
| Natura: | testo |
| Pubblicazione: |
London:
Sipri
|
| Tags: |
Aggiungi Tag
Nessun Tag, puoi essere il primo ad aggiungerne!!
|
MARC
| LEADER | 00000 a a2200000 04500 | ||
|---|---|---|---|
| 001 | 22511 | ||
| 003 | |||
| 040 | |||
| 020 | |a 0-85066-260-3 | ||
| 090 | |a 153900 | ||
| 100 | |a Goldblat, Jozef | ||
| 245 | |a Militariation and arms control in Latin America / |c Jozef Goldblat | ||
| 260 | |a London: |b Sipri | ||
| 300 | |a 425 p |b **no definido** |b fonodiscos |b map. | ||
| 700 | |a Millán, Víctor | ||
| 999 | |c 4025 |d 4025 | ||
